| 000 | 01000cam a2200313 4500 | ||
|---|---|---|---|
| 008 | 090401t1994 xxu||||| |||| 00| 0 eng d | ||
| 020 | _a0854066411 | ||
| 035 | _a(Sirsi) u60138 | ||
| 041 | _aeng | ||
| 050 | _a346.410435 | ||
| 090 | _aRICS 1994/34ABCD | ||
| 100 | _aSchatunowski, Alex | ||
| 245 | _aAccess to Neighbouring Land Act 1992: a guidance note for members: consultation draft. | ||
| 260 |
_aLondon _bRICS _c1994 |
||
| 300 | _a24p. ; 30cm. | ||
| 350 | _a0 | ||
| 520 | _aConsultation draft produced by the Boundary Skills Panel. Comments to be received by 20 June 1994. | ||
| 650 | _aACCESS ORDERS | ||
| 650 | _aACCESS TO NEIGHBOURING LAND ACT 1992 | ||
| 650 | _aBOUNDARY SKILLS PANEL | ||
| 650 | _aCONSULTATION PAPERS | ||
| 650 | _aGUIDANCE NOTES | ||
| 650 | _aNEIGHBOURING LAND ACT 1992 | ||
| 650 | _aABOUT RICS | ||
| 690 | _aHIGHWAYS RIGHTS OF WAY AND EASEMENTS | ||
| 710 |
_aRoyal Institution of Chartered Surveyors _94900 |
||
| 942 | _n0 | ||
| 948 | _c04/03/1997 | ||
| 999 |
_c94197 _d94197 |
||